World Cup and UEFA European Championship Winners - Statistics

General Stats
  • This quiz has been taken 216 times
  • The average score is 28 of 34
Answer Stats
Major Tournament Victor % Correct
1930 Uruguay
97%
1934 Italy
92%
2014 Germany
89%
2010 Spain
89%
2006 Italy
88%
1958 Brazil
87%
2002 Brazil
87%
1998 France
87%
1938 Italy
87%
2012 Spain
87%
1970 Brazil
86%
1994 Brazil
86%
1966 England
86%
2008 Spain
86%
1950 Uruguay
86%
1962 Brazil
85%
2000 France
84%
2004 Greece
84%
1986 Argentina
83%
1982 Italy
83%
1978 Argentina
82%
1990 West Germany
81%
1954 West Germany
80%
1974 West Germany
80%
1992 Denmark
79%
1996 Germany
79%
1988 Netherlands
75%
1968 Italy
74%
1964 Spain
74%
1984 France
72%
1960 USSR
72%
1972 West Germany
71%
1980 West Germany
67%
1976 Czechoslovakia
64%
No matching quizzes found
Score Distribution
Percent of People with Each Score
Percentile by Number Answered
Your Score History
You have not taken this quiz